La Democracia en América
Bewaard in:
| Hoofdauteur: | |
|---|---|
| Formaat: | Boek |
| Taal: | Undetermined |
| Gepubliceerd in: |
México, Distrito Federal
Fondo de Cultura Económica
1984
|
| Onderwerpen: | |
| Tags: |
Voeg label toe
Geen labels, Wees de eerste die dit record labelt!
|
MARC
| LEADER | 00000nam a2200000Ia 4500 | ||
|---|---|---|---|
| 008 | 170316s9999 xx 000 0 und d | ||
| 040 | |a cru BVZT | ||
| 090 | |a 810 T-21d | ||
| 100 | |a Tocqueville, Alexis de | ||
| 245 | |a La Democracia en América | ||
| 260 | |a México, Distrito Federal | ||
| 260 | |b Fondo de Cultura Económica | ||
| 260 | |c 1984 | ||
| 300 | |a 751 páginas | ||
| 650 | |a LITERATURA ESTADOUNIDENSE | ||
| 650 | |a ESTILO DE VIDA DE LOS ESTADOS UNIDOS | ||
| 650 | |a ESTADO DEMOCRÁTICO | ||
| 650 | |a INSTITUCIONES NORTEAMÉRICANAS | ||
| 999 | |c 6185 |d 6185 | ||
| 942 | |c 15 D |h 810 T-21d |2 z | ||
